000 00824cam a2200193 i 4500
005 20251108175237.0
008 250721s2014 xx 000 0 ara d
020 _a9789957481322
082 1 4 _a027.625
_bق ا س
100 1 _aقاسم، أحلام مصطفى
_eمؤلف.
245 1 0 _aمكتبات الأطفال :
_bرؤية جديدة و مغايرة /
_cتأليف أحلام مصطفى قاسم، هلا علي قعدان الفايز ؛ تدقيق ومراجعة الأستاذ الشاعر عبد الرحمن محمد المبيضين.
246 1 0 _achildren's libraries
264 1 _aعمان :
_bالمعدان،
_c2014.
300 _a198 صفحة.
650 1 7 _aمكتبات الاطفال.
700 1 _aالفايز، هلا علي قعدان
_eمؤلف.
942 _2ddc
_cBK
999 _c129580
_d129580